The Ouside Dog (Record no. 11675)

MARC details
000 -LEADER
fixed length control field 00249nam a22000977a 4500
008 - FIXED-LENGTH DATA ELEMENTS--GENERAL INFORMATION
fixed length control field 191128b ||||| |||| 00| 0 eng d
020 ## - INTERNATIONAL STANDARD BOOK NUMBER
International Standard Book Number 0064441873
100 ## - MAIN ENTRY--PERSONAL NAME
Personal name Pomerantz Charlotte
9 (RLIN) 7377
245 ## - TITLE STATEMENT
Title The Ouside Dog
260 ## - PUBLICATION, DISTRIBUTION, ETC. (IMPRINT)
Place of publication, distribution, etc. USA
Name of publisher, distributor, etc. Harper Trophy
Date of publication, distribution, etc. 1993
Holdings
Withdrawn status Lost status Source of classification or shelving scheme Damaged status Koha normalized classification for sorting Not for loan Home library Current library Shelving location Date acquired Total Checkouts Full call number Barcode Date last seen Date last checked out Price effective from Koha item type
    Dewey Decimal Classification   823_000000000000000_N1   Good Samaritan School Library Good Samaritan School Library FICTION 11/28/2019 1 823 N-1 POM15738 07/12/2022 07/08/2022 11/28/2019 BOOK

Powered by Koha